[Event "SUI-chT"]
[Site "Switzerland"]
[Date "2002.04.21"]
[Round "3.1"]
[White "Sokolov, Andrei"]
[Black "Kortschnoi, Viktor"]
[Result "1/2-1/2"]
[WhiteElo "2580"]
[BlackElo "2647"]
[PlyCount "89"]
[EventDate "2002.??.??"]
[SourceDate "2002.03.03"]
[WhiteTeam "Reichenstein"]
[BlackTeam "Zürich"]

1. e4 e6 2. d4 d5 3. Nc3 Nf6 4. Bg5 Bb4 5. exd5 Qxd5 6. Bxf6 Bxc3+ 7. bxc3 gxf6
8. Qd2 e5 9. Qh6 Qe4+ 10. Kd2 Qg6 11. Qxg6 hxg6 12. Re1 Nc6 13. dxe5 fxe5 14.
Bb5 Rh5 15. Nf3 Bd7 16. g4 Bxg4 17. Bxc6+ bxc6 18. Nxe5 O-O-O+ 19. Kc1 Be6 20.
Nxg6 Bxa2 21. Nf4 Rh4 22. Nd3 Bd5 23. Rhg1 Kb7 24. Re7 Rxh2 25. Rg4 Rh1+ 26.
Kb2 a5 27. c4 Be6 28. Nc5+ Kb6 29. Nxe6 fxe6 30. Rxe6 Rh5 31. Re3 Rf5 32. f3
Rdf8 33. Rb3+ Kc5 34. Rg7 a4 35. Rb7 Rxf3 36. Rg5+ R8f5 37. Rxf5+ Rxf5 38. Ra7
Kb4 39. c3+ Kxc4 40. Rxa4+ Kb5 41. Rb4+ Ka5 42. Rh4 c5 43. Kb3 Kb5 44. Rg4 Rf1
45. Rg5 1/2-1/2

[Event "SUI-chT"]
[Site "Switzerland"]
[Date "2002.04.21"]
[Round "3.2"]
[White "Jenni, Florian"]
[Black "Gheorghiu, Florin"]
[Result "1-0"]
[WhiteElo "2541"]
[BlackElo "2459"]
[PlyCount "79"]
[EventDate "2002.??.??"]
[SourceDate "2002.03.03"]
[WhiteTeam "Zürich"]
[BlackTeam "Reichenstein"]

1. e4 c5 2. Nf3 e6 3. d4 cxd4 4. Nxd4 a6 5. Bd3 Nf6 6. O-O d6 7. c4 Be7 8. Nc3
O-O 9. Qe2 Nc6 10. Nxc6 bxc6 11. b3 c5 12. Bb2 Bb7 13. f4 Nd7 14. e5 dxe5 15.
fxe5 Qc7 16. Rae1 Rad8 {Diagramm #} 17. Nd5 exd5 18. e6 Nf6 19. Bxf6 Bxf6 20.
Rxf6 dxc4 21. Bxh7+ Kxh7 22. e7 cxb3 23. exf8=N+ Rxf8 24. axb3 c4 25. Rf2 cxb3
26. Qd3+ Kg8 27. Qxb3 Bc8 28. Rc2 Qd6 29. Qc3 Bd7 30. Rd2 Qb6+ 31. Kh1 Rc8 32.
Qd3 Be6 33. h3 a5 34. Re3 a4 35. Rd1 Qb3 36. Qd4 Qc4 37. Qe5 Qc2 38. Rde1 Qc5
39. Qa1 Qb5 40. Rg3 1-0

[Event "SUI-chT"]
[Site "Switzerland"]
[Date "2002.04.21"]
[Round "3.7"]
[White "Wirthensohn, Heinz"]
[Black "Goldstern, Filip"]
[Result "1-0"]
[WhiteElo "2338"]
[BlackElo "2373"]
[Annotator "Herbrechtsmeier"]
[PlyCount "31"]
[EventDate "2002.??.??"]
[SourceDate "2002.03.03"]
[WhiteTeam "Reichenstein"]
[BlackTeam "Zürich"]

1. d4 Nf6 2. Nf3 e6 3. g3 c5 4. Bg2 a6 5. O-O Qc7 {'?!' Stohl.} 6. Bf4 {
'!' Stohl.} (6. dxc5 Bxc5 7. Bf4 d6 8. Nc3 Nbd7 9. Na4 e5 10. Nxc5 Nxc5 11. Be3
O-O 12. h3 h6 13. c4 Be6 {0-1,Wirthensohn,H-Gavrikov,V/SWZ-GP Wohlen 1993 (28)}
) 6... d6 (6... Qb6 $5) 7. dxc5 Qxc5 8. c4 $1 {Stohl: 'Forceful play by White.'
} 8... Nbd7 (8... e5 $6 {><d5} 9. Bg5 Qxc4 (9... Ne4 10. Qd3 Nxg5 11. Nxg5 $16)
10. Bxf6 gxf6 11. Nc3 $16) (8... Qxc4 $2 9. Bxd6 Qd5 10. Qc1 $1 Nc6 11. Bxf8
Rxf8 12. Rd1 Qa5 13. Na3 Ke7 14. Nc4 {
1-0 Romanishin,O-Sax,G/Polanica Zdroj 1993/CBM 37 (22)}) (8... Be7 {
Black's attempt to improve on Sax's play is also uncuccessful.} 9. Nc3 O-O (
9... Nbd7 10. Nd2 $5 $36 {/\Nde4}) 10. Na4 $1 {
Due to White's lead in development Black's Hedgehog structure will break up.}
10... Qa5 (10... Qc7 $143 $6 11. c5 e5 12. Nb6 $5 Ra7 13. cxd6 Bxd6 14. Be3 $18
) 11. b4 $1 Qd8 $8 (11... Qxb4 12. Rb1 Qa3 13. Nb6 Ra7 14. Be3 $18) 12. c5 $40
{1-0 Romanishin,O-Yudasin,L/Reggio Emilia 1998/CBM 63/[Stohl] (38)}) 9. Nc3 e5
10. Be3 $16 {Diagramm #} 10... Qxc4 11. Ng5 Be7 (11... h6 12. Nd5 $1 e4 13.
Nxf6+ Nxf6 14. Rc1 $44) 12. Nd5 h6 $2 13. Rc1 $18 Nxd5 14. Rxc4 Nxe3 15. fxe3
hxg5 16. Rc7 1-0

[Event "SUI-chT"]
[Site "Switzerland"]
[Date "2002.04.21"]
[Round "3.8"]
[White "Friedrich, Norbert"]
[Black "Weindl, Alfred"]
[Result "0-1"]
[WhiteElo "2317"]
[BlackElo "2365"]
[PlyCount "70"]
[EventDate "2002.??.??"]
[SourceDate "2002.03.03"]
[WhiteTeam "Zürich"]
[BlackTeam "Reichenstein"]

1. e4 c5 2. Nf3 d6 3. d4 cxd4 4. Nxd4 Nf6 5. Nc3 e6 6. Be2 Be7 7. O-O O-O 8. f4
Nc6 9. Kh1 Qc7 10. Be3 a6 11. a4 Re8 12. Bf3 Nxd4 13. Qxd4 e5 14. Qd2 exf4 15.
Bd4 Be6 16. Qxf4 Nd7 17. Bg4 Bf6 18. Bxf6 Nxf6 19. Bf5 Bxf5 20. exf5 Qb6 21.
Qd2 Rac8 22. Ra3 Qc5 23. a5 Re5 24. Qf4 Rce8 25. Raa1 d5 26. Rad1 Qxa5 27. g4
Ne4 28. f6 Nxc3 29. fxg7 R8e7 30. bxc3 Qxc3 31. Rd2 Re1 32. Rxe1 Rxe1+ 33. Kg2
Qe5 34. Qf3 Re4 35. c4 Qg5 {Reichenstein - Zuerich 4-4} 0-1

[Event "SUI-chT"]
[Site "Switzerland"]
[Date "2002.04.21"]
[Round "3.2"]
[White "Prusikhin, Mihailo"]
[Black "King, Daniel"]
[Result "1-0"]
[WhiteElo "2519"]
[BlackElo "2520"]
[PlyCount "73"]
[EventDate "2002.??.??"]
[SourceDate "2002.03.03"]
[WhiteTeam "Wollishofen"]
[BlackTeam "Winterthur"]

1. e4 c5 2. Nf3 d6 3. Bc4 Nf6 4. d3 e6 5. Bb3 Nc6 6. c3 Be7 7. O-O d5 8. e5 Nd7
9. d4 b5 10. Re1 Bb7 11. Nbd2 a5 12. a4 b4 13. c4 dxc4 14. Nxc4 cxd4 15. Nd6+
Bxd6 16. exd6 Nc5 17. Bf4 Nxb3 18. Qxb3 O-O 19. Rad1 e5 20. Nxe5 Qxd6 21. Qg3
Nxe5 22. Rxe5 Qf6 23. h4 Rfe8 24. Rxd4 Re6 25. Rd7 Be4 26. h5 Rae8 27. Rxa5 h6
28. Raa7 Rf8 29. b3 Bc2 30. Bd6 Re1+ 31. Kh2 Qa1 32. Qf4 Rh1+ 33. Kg3 Qg1 34.
Bxf8 Qh2+ 35. Kf3 Qxh5+ 36. Qg4 Bd1+ 37. Rxd1 1-0

[Event "SUI-chT"]
[Site "Switzerland"]
[Date "2002.04.21"]
[Round "3.7"]
[White "Papa, Severin"]
[Black "Bauert, Ralph"]
[Result "1-0"]
[WhiteElo "2270"]
[BlackElo "2257"]
[PlyCount "51"]
[EventDate "2002.??.??"]
[SourceDate "2002.03.03"]
[WhiteTeam "Winterthur"]
[BlackTeam "Wollishofen"]

1. d4 Nf6 2. Nf3 e6 3. c4 b6 4. g3 Bb4+ 5. Bd2 Be7 6. Bg2 c6 7. O-O O-O 8. Bf4
d5 9. Nc3 Bb7 10. Rc1 dxc4 11. Ne5 Nd5 12. Nxc4 Nxf4 13. gxf4 Nd7 14. e3 Nf6
15. a3 Qc7 16. b4 a6 17. Qb3 Rab8 18. a4 g5 19. fxg5 Ng4 20. f4 b5 21. Qd1 bxc4
22. Qxg4 Bxb4 23. Ne4 Be7 24. Nf6+ Kh8 25. Qh5 Bxf6 26. Be4 1-0

[Event "SUI-chT"]
[Site "Switzerland"]
[Date "2002.06.02"]
[Round "4.3"]
[White "Pikula, Dejan"]
[Black "Forster, Richard"]
[Result "1-0"]
[WhiteElo "2489"]
[BlackElo "2463"]
[Annotator "Herbrechtsmeier"]
[PlyCount "41"]
[EventDate "2002.??.??"]
[SourceDate "2002.03.03"]
[WhiteTeam "Sorab Basel"]
[BlackTeam "Winterthur"]

1. e4 d5 2. exd5 Qxd5 3. Nc3 Qa5 4. d4 c6 5. Nf3 Nf6 6. Bd2 Qb6 $6 (6... Bf5 7.
Bc4 e6) 7. Bc4 $1 {Diagramm #} 7... Qxb2 (7... Bf5 8. Qe2 e6 9. O-O-O Nbd7 10.
Nh4 Bg6 11. f4 O-O-O 12. g4 Bd6 13. h3 Qc7 14. Rhf1 {
1/2-1/2 Klinova,M-Zhukova,N/Elista 1998/CBM 66 ext (54)}) (7... Bg4 8. Bxf7+ $1
) 8. Rb1 (8. Bb3 Qa3 9. Ne5 e6 10. Qf3 Be7 11. Nc4 Qa6 12. O-O O-O 13. a4 b6
14. Bf4 {1/2-1/2 Ivanov,A-Kaidanov,G/Modesto 1995/CBM 51 (42)}) 8... Qa3 9. O-O
e6 10. Qe2 (10. Ne5 Be7 11. Re1 O-O 12. Ne4 Nbd7 13. Nxd7 Nxd7 14. Qh5 {
1/2-1/2 Nouro,M-Raaste,E/Helsinki 1996/EXT 98 (65)}) 10... Be7 11. d5 exd5 12.
Nxd5 $1 Nxd5 $6 (12... cxd5 13. Bb4 Qxb4 14. Rxb4 dxc4 15. Rxc4 Nc6 16. Nd4 $13
) 13. Bxd5 O-O 14. Bc4 $44 b5 15. Rb3 Qd6 16. Bb4 c5 17. Rd3 $1 {Diagramm #}
17... Qc7 18. Bd5 Nc6 19. Bxc6 Qxc6 20. Qxe7 cxb4 21. Rd8 1-0

[Event "SUI-chT"]
[Site "Switzerland"]
[Date "2002.06.02"]
[Round "4.5"]
[White "Brendel, Oliver"]
[Black "Ballmann, Martin"]
[Result "0-1"]
[WhiteElo "2380"]
[BlackElo "2424"]
[Annotator "Herbrechtsmeier"]
[PlyCount "77"]
[EventDate "2002.??.??"]
[SourceDate "2002.03.03"]
[WhiteTeam "Sorab Basel"]
[BlackTeam "Winterthur"]

1. e4 c5 2. Nf3 d6 3. d4 cxd4 4. Nxd4 Nf6 5. Nc3 g6 6. Be3 Bg7 7. f3 O-O 8. Qd2
Nc6 9. O-O-O d5 10. Qe1 (10. exd5 Nxd5 11. Nxc6 bxc6 12. Nxd5 cxd5 13. Bh6 (13.
Qxd5 Qc7) 13... Bxh6 14. Qxh6 f6 15. Bd3 Rf7 16. Rhe1 Rb8 17. h4 e6 18. g4 Qd6
19. f4 Rb6 $1 {
0-1 Simon,E-Werner,C/Strasbourg 2002/[Herbrechtsmeier,Christof] (33)}) 10... e5
(10... e6 {is a more solid alternative} 11. h4 e5 12. Nxc6 bxc6 13. exd5 Nxd5
14. Bc4 Be6 15. Ne4) 11. Nxc6 bxc6 12. exd5 Nxd5 $1 (12... cxd5 $2 13. Bg5 Be6
14. Bc4 Qc7 15. Bxf6 dxc4 16. Bxg7 Kxg7 17. Qe3 {
1-0 Kuporosov,V-Kovacevic,A/Vrnjacka Banja op 1992 (38)} (17. Nd5 $142 $1 $14)
17... Rab8 18. Ne4 Rb6 $15 {Timman,J-Hodgson,J/Groningen/1996/}) 13. h4 (13.
Bc4 Be6 14. Ne4 Qb8 15. Bc5 Rd8 16. Qa5 $5 {
Johnson,M: 'Novelty. More usual is 16.Qh4'} (16. Qh4 h6 17. g4 Qc7 18. g5 h5
19. Qf2 a5 20. a4 $1 {1-0 Dvoirys,S-Basin,L/Simferopol 1988 (36)}) (16. Bb3 {
Schulz,A}) 16... Bh6+ {Interesting that Ballman deviates from Vogt-Ballman
which occurred in round 6 where he played 16...f5 and eventually won. However,
16...Bh6+ in preparation for 17...f5 does appear to be an improvement as Ng5
is prevented.} (16... f5 17. Ng5 e4 18. Bb3 Bh6 (18... Qe5 $5 {Schulz,A}) 19.
h4 Qc7 20. Qe1 (20. Qxc7 Nxc7 21. fxe4 fxe4 {is unclear}) 20... Re8 21. fxe4
Bf7 22. Rd4 (22. Kb1 {Schulz,A} 22... Bxg5 23. hxg5 Rxe4 $13) 22... Qf4+ 23.
Kb1 Bxg5 24. hxg5 Qxg5 25. Qf2 Rxe4 {
0-1 Vogt,L-Ballmann,M/Winterthur 1996/CBM 55/[Johnson,M] (54)}) 17. Kb1 f5 18.
Nf2 Bg7 19. Bb3 Bf6 $10 20. g4 Qb5 21. Qxb5 cxb5 22. gxf5 gxf5 23. Rhe1 a5 24.
Bb6 Rd7 25. Ne4 fxe4 26. fxe4 Ra6 27. Bf2 Rad6 {
1/2-1/2 Gallagher,J-Ballmann,M/Winterthur 1996/CBM 55/[Johnson,M] (27)}) (13.
Ne4 $5) 13... h6 (13... Rb8 14. h5 Qe7 $1 (14... Qa5 $4 15. Nxd5 Qxe1 16. Ne7+
$18) 15. hxg6 hxg6 16. Rxd5 $1 cxd5 17. Nxd5 Qd8 $1 $8 18. Bc5 $1 {
1-0 Bologan,V-Motylev,A/Azov 1996/CBM 56 ext/[Makarichev] (41) /\Nd5-e7}) 14.
Nxd5 cxd5 15. Qd2 Qc7 $146 (15... Kh7 $2 16. h5 g5 17. Qxd5 $16 {
1/2-1/2 Pallova,M-Herejk,P/Klatovy 1997/EXT 98 (51)}) 16. Bxh6 Bxh6 17. Qxh6
Bf5 {Diagramm #} 18. c3 $2 (18. Rd2 Rfc8 19. c3 d4 20. c4 $13) (18. Bd3 $5 e4
19. fxe4 dxe4 20. Be2 e3 (20... Rfc8 21. Rd2) 21. Bd3 e2 22. Rd2 Bxd3 23. Rxd3
Qa5 24. Qd2 Qxa2 25. Ra3 Qe6 26. Re3 Qa2 $11) 18... d4 19. Bd3 (19. g4 $2 dxc3
$1 20. gxf5 cxb2+ 21. Kb1 Rfc8 22. Bd3 Rab8 $19) (19. c4 Qa5 $1 (19... Rab8 20.
h5 Rxb2 21. Kxb2 Qa5 22. Qc1 Rb8+ 23. Ka1 Rb1+ 24. Qxb1 Bxb1 25. Kxb1 Qb4+ $11)
20. a3 Rab8 $40) 19... Bxd3 20. Rxd3 Qc4 21. Kc2 Qxa2 $15 22. h5 Rab8 23. Rb1
Rb6 $1 24. hxg6 Rxg6 25. Qd2 (25. Qh2) 25... Rc8 $17 26. Rc1 $6 (26. g4) 26...
dxc3 27. Rxc3 Rxc3+ 28. Qxc3 $2 (28. Kxc3 Qa4 29. b4 Qa3+ 30. Kc2 Qa2+ 31. Kd1
Rxg2 32. Qxa2 Rxa2 33. Rc5) 28... Rxg2+ $19 29. Kd3 Qa6+ 30. Qc4 Qg6+ 31. Kc3
Rg3 32. Rf1 e4 33. Kb4 Rxf3 34. Rh1 Qd6+ 35. Ka4 Qd7+ 36. Kb4 Rg3 37. Qc5 Rg6
38. Qe5 Qb7+ 39. Ka3 0-1

[Event "SUI-chT"]
[Site "Switzerland"]
[Date "2002.06.16"]
[Round "5.1"]
[White "Ballmann, Martin"]
[Black "Gabriel, Christian"]
[Result "0-1"]
[WhiteElo "2424"]
[BlackElo "2553"]
[Annotator "Herbrechtsmeier"]
[PlyCount "72"]
[EventDate "2002.??.??"]
[SourceDate "2002.03.03"]
[WhiteTeam "Winterthur"]
[BlackTeam "Zürich"]

1. d4 Nf6 2. Nf3 d6 3. Bg5 Nbd7 4. e3 h6 5. Bh4 g5 6. Bg3 Bg7 7. h4 g4 8. Nfd2
h5 9. Bd3 O-O 10. O-O e5 11. c3 Qe7 12. Qc2 Nd5 13. Ne4 Bh6 14. Qb3 N5b6 15. a4
d5 16. Nc5 Nxc5 17. dxc5 Qxc5 18. Bxe5 Bxe3 19. Na3 Nc4 20. Nxc4 dxc4 21. Bxc4
Qxe5 22. fxe3 Qxe3+ 23. Kh1 Qe7 24. Rxf7 $2 (24. Kg1 g3 $1 (24... Qxh4 25.
Bxf7+)) 24... Rxf7 25. Rf1 Qxh4+ 26. Kg1 g3 27. Rxf7 Qh2+ 28. Kf1 Qh1+ 29. Ke2
Bg4+ 30. Ke3 (30. Kd3) 30... Qc1+ 31. Ke4 Kh8 $19 32. Qb5 Qe1+ 33. Kf4 Re8 34.
Qc5 Re4+ 35. Kg5 Re5+ 36. Kg6 Qb1+ 0-1

[Event "SUI-chT"]
[Site "Switzerland"]
[Date "2002.10.05"]
[Round "8.3"]
[White "Kortschnoj, Viktor"]
[Black "Zueger, Beat"]
[Result "0-1"]
[WhiteElo "2647"]
[BlackElo "2423"]
[PlyCount "102"]
[EventDate "2002.??.??"]
[SourceDate "2002.03.03"]
[WhiteTeam "Zürich"]
[BlackTeam "Luzern"]

1. d4 Nf6 2. c4 c5 3. d5 b5 4. Nf3 Bb7 5. a4 Qa5+ 6. Bd2 b4 7. Qc2 d6 8. e4
Nbd7 9. Be2 g6 10. O-O Bg7 11. Bf4 O-O 12. Nbd2 Rae8 13. Ne1 Qc7 14. Nd3 e6 15.
Bf3 e5 16. Be3 Bc8 17. Rae1 Kh8 18. Bd1 Ng8 19. f4 exf4 20. Bxf4 f6 21. Bg4 Nh6
22. Be6 Ne5 23. Bxc8 Qxc8 24. h3 Nhf7 25. Nf2 Kg8 26. Nd1 Re7 27. Ne3 Rfe8 28.
Kh1 Nd7 29. Qd3 Nde5 30. Qe2 Nd7 31. g4 Ng5 32. Bxd6 Nxe4 33. Nxe4 Rxe4 34. Qd3
Rd4 35. Qb3 Qa6 36. Bg3 Ree4 37. d6 Ne5 38. Bxe5 Rxe5 39. Nc2 Qc6+ 40. Kg1 Rxe1
41. Rxe1 Rxd6 42. Qe3 f5 43. b3 Bc3 44. Re2 fxg4 45. hxg4 Rd4 46. g5 Qd7 47.
Ne1 Bxe1 48. Rxe1 Qg4+ 49. Kh2 Qh4+ 50. Kg2 Rg4+ 51. Kf1 Rf4+ 0-1

[Event "SUI-chT"]
[Site "Switzerland"]
[Date "2002.10.05"]
[Round "8.4"]
[White "Loetscher, Roland"]
[Black "Atlas, Valeri"]
[Result "1-0"]
[WhiteElo "2266"]
[BlackElo "2503"]
[Annotator "Herbrechtsmeier"]
[PlyCount "129"]
[EventDate "2002.??.??"]
[SourceDate "2002.03.03"]
[WhiteTeam "Luzern"]
[BlackTeam "Zürich"]

1. d4 Nf6 2. c4 e6 3. g3 Bb4+ 4. Bd2 Be7 5. Bg2 d5 6. Nf3 c6 7. Qc2 O-O 8. O-O
b6 9. Bf4 Bb7 10. Rd1 Nbd7 11. Nc3 dxc4 12. Nd2 Nd5 13. Nxc4 Nxf4 14. gxf4 Qc7
15. e3 Rac8 16. Rac1 a6 17. a3 Rfd8 18. b4 Nf6 19. Qb1 Nd5 20. Ne4 h6 21. Ne5
Bf8 22. Rc2 Qe7 23. Rdc1 Qe8 24. Qb3 f6 25. Nc4 Ba8 26. Ng3 Rb8 27. f5 Kh8 28.
fxe6 Qxe6 29. Rd2 Qg4 30. Qc2 Re8 31. Qf5 Qxf5 32. Nxf5 g6 33. Nfd6 Re6 34. Ne4
Rd8 35. Nc3 Bg7 36. Nxd5 cxd5 37. Nb2 Rc6 38. Rdc2 Rdc8 39. Rxc6 Rxc6 40. Rxc6
Bxc6 41. Nd1 Bf8 42. Nc3 f5 43. Bxd5 Bd7 44. Bc4 a5 45. bxa5 bxa5 46. Bb5 Bc8
47. a4 Kg7 48. f3 Kf6 49. e4 fxe4 50. fxe4 Kg5 51. Kf2 Kf4 52. Bd3 Bb7 53. Ne2+
Kg4 54. e5 g5 55. Ke3 Kh3 56. Be4 Bc8 57. Bc6 Kxh2 58. d5 g4 59. d6 g3 60. d7
Bxd7 61. Bxd7 h5 (61... g2 62. Bc6 g1=Q+ (62... Bc5+ 63. Kf4 g1=Q 64. Nxg1 Bxg1
65. e6 Bc5 66. Kf5 Kg3 67. Kg6 Kf4 68. Kf7 $18) 63. Nxg1 Kxg1 64. Kf4 Kf2 65.
Kf5 (65. e6 Be7 66. Kf5 (66. Be8 $2 Ke2 67. Kf5 Kd3 68. Kg6 Bg5 69. Kf7 Kc4 70.
Bb5+ Kb4 71. e7 Bxe7 72. Kxe7 h5 $11) 66... h5 67. Kg6 Ke3 (67... h4 68. Kf7
Bg5 69. e7 Bxe7 70. Kxe7 Ke3 71. Kd6 $18) 68. Kf7 (68. Kxh5 $2 Kd4 69. Kg6 Ke5
70. Kf7 Kd6 $11) 68... Bg5 69. e7 Bxe7 70. Kxe7 h4 71. Kd6 Kd4 72. Bd7 $18)
65... h5 66. Kg5 Be7+ 67. Kg6 (67. Kxh5 $2 Ke3 68. Kg6 Kd4 69. Kf7 Bg5 70. e6
Kc5 $11) 67... h4 68. Kf7 Bg5 69. e6 h3 70. e7 Bxe7 71. Kxe7 Ke3 72. Kd6 Kd4
73. Bd5 $18) 62. Kf4 h4 63. Kg5 h3 64. Kf6 g2 65. Bf5 1-0

[Event "SUI-chT"]
[Site "Switzerland"]
[Date "2002.10.05"]
[Round "8.6"]
[White "Kaufmann, Werner"]
[Black "Hug, Werner"]
[Result "0-1"]
[WhiteElo "2250"]
[BlackElo "2441"]
[Annotator "Herbrechtsmeier"]
[PlyCount "40"]
[EventDate "2002.??.??"]
[SourceDate "2002.03.03"]
[WhiteTeam "Luzern"]
[BlackTeam "Zürich"]

1. e4 e6 2. d4 d5 3. Nc3 Bb4 4. e5 c5 5. a3 Ba5 6. b4 cxd4 7. Qg4 Ne7 8. bxa5
dxc3 9. Qxg7 Rg8 10. Qxh7 Nbc6 11. Nf3 Qc7 12. Bf4 Bd7 13. Bg3 O-O-O 14. Qxf7
$2 (14. Bd3 Qxa5 15. O-O) 14... Nf5 (14... Rdf8 15. Qh7 Nf5 16. Bd3 Rh8 17. Qg6
Rfg8 18. Qf6 Nce7 19. O-O Rh6 20. Bxf5 Nxf5 21. Qf7 Qd8 22. Bf4 Rf8 23. Qxf8
Qxf8 24. Bxh6 Qxh6 25. Rfd1 Qf4 26. Rd3 d4 27. g3 Qg4 {
0-1 Ernst,T-Karlsson,L/Sweden 1993/EXT 97 (27)}) 15. Qh5 (15. Bf4 Rdf8 16. Qh7
Rh8 17. Qg6 Nh4) (15. a6 b6) 15... Be8 16. Qh3 Nxg3 17. hxg3 Nxe5 18. Be2 Ng4
19. Kf1 $4 (19. Nd4 Qe5 20. Rd1) 19... Qc5 20. Nd4 Qxd4 0-1

[Event "SUI-chT"]
[Site "Switzerland"]
[Date "2002.10.05"]
[Round "8.8"]
[White "Zenklusen, Rico"]
[Black "Maier, Christian"]
[Result "0-1"]
[WhiteElo "2256"]
[BlackElo "2385"]
[Annotator "Herbrechtsmeier"]
[PlyCount "74"]
[EventDate "2002.??.??"]
[SourceDate "2002.03.03"]
[WhiteTeam "Bern"]
[BlackTeam "Sorab Basel"]

1. e4 e6 2. d4 d5 3. Nc3 Bb4 4. e5 Nh6 $5 5. Nf3 (5. Bxh6 gxh6 6. Qh5 c5 7.
dxc5 Bxc5 8. Qxh6 Bxf2+ $1 9. Kxf2 Qb6+ {Maier}) (5. a3 Be7 6. Bd3 Nf5 7. Nf3
Nc6 8. Ne2 h5 9. g3 g5 10. Bxf5 exf5 11. h4 gxh4 12. Nxh4 Be6 13. Nf4 Qd7 14.
Be3 O-O-O {0-1 Kulaots,K-Maier,C/6th Neckar Open, Deizisau GER 2002 (40)}) 5...
Nf5 6. Bd3 Nc6 7. O-O (7. Bg5 $2 f6 8. exf6 gxf6 9. Bxf5 fxg5 10. Bd3 g4 11.
Ne5 Nxe5 12. dxe5 Qg5 13. O-O Bd7 14. Nb5 Bxb5 15. Bxb5+ c6 16. Qd4 $2 Ba5 17.
Bd3 Bb6 $17 18. Qc3 Rf8 19. g3 O-O-O 20. a4 Rxf2 21. Rxf2 Rf8 22. a5 Bxf2+ 23.
Kg2 (23. Kh1 Qh6 (23... Qe3 24. Bf1) 24. Ba6 c5 $19) 23... Be3 $6 (23... Qe3 $1
24. Bxh7 Qh6 $19 25. Bd3 Qh3+ 26. Kh1 Rh8) 24. Rf1 Rxf1 25. Kxf1 Qh6 $2 (25...
c5 $17) 26. Qb4 $1 Qg7 27. Ke2 c5 28. Qb5 Qxe5 {
1/2-1/2 Vogt,L-Maier,C/SMM Biel-Zuerich 2000/[Herbrechtsmeier] (28)}) 7... Be7
8. Ne2 Nb4 9. g4 Nxd3 10. Qxd3 Nh4 11. Nxh4 Bxh4 12. f4 g6 13. Bd2 Be7 14. Ng3
c5 15. c3 Qb6 16. b4 cxd4 17. cxd4 Bd7 18. a4 Rc8 19. f5 Rc7 20. fxe6 Bxe6 21.
Be3 Bxb4 22. h3 Rc6 23. Rab1 a5 24. Kh1 Rc4 25. Qe2 Qc7 26. Rbd1 Be7 27. Bh6
Rc3 28. Rf3 Rxf3 29. Qxf3 Qb6 30. Ne2 Kd7 31. Qd3 Rc8 32. Rb1 Qc6 33. Rc1 Qa6
34. Qxa6 Rxc1+ 35. Nxc1 bxa6 36. Bd2 Bb4 37. Be3 Kc6 0-1

[Event "SUI-chT"]
[Site "Switzerland"]
[Date "2002.10.05"]
[Round "8.1"]
[White "Prusikhin, Mihailo"]
[Black "Gheorghiu, Florin"]
[Result "1-0"]
[WhiteElo "2519"]
[BlackElo "2459"]
[Annotator "Herbrechtsmeier"]
[PlyCount "43"]
[EventDate "2002.??.??"]
[SourceDate "2002.03.03"]
[WhiteTeam "Wollishofen"]
[BlackTeam "Reichenstein"]

1. d4 Nf6 2. Nf3 c5 3. d5 g6 4. Nc3 Bg7 5. e4 O-O 6. e5 (6. Be2 b5 7. e5 Ng4 8.
Bf4 b4 9. Ne4 d6 10. exd6 exd6 11. h3 Nf6 12. Nxd6 Nh5 {
0-1 Markowski,D-Wojtkiewicz,A/55th chTeam-POL, Suwalki POL 1999 (62)}) 6... Ng4
(6... Ne8 7. h4 d6 8. h5 (8. e6 fxe6 9. h5 gxh5 10. Ng5 exd5 11. Nxh7 Kxh7 12.
Qxh5+ Kg8 13. Qh7+ Kf7 14. Bd3 Rg8 15. Nxd5 e6 16. Qh5+ Kf8 17. Bg5 Nf6 {
0-1 De Vreugt,D-Malakhov,V/Olympic Capital Young Masters g/5, Laus 2000 (43)})
8... dxe5 9. hxg6 hxg6 10. Bh6 Bxh6 11. Rxh6 Kg7 12. Qd2 Nd6 13. Nxe5 Nd7 14.
Nc4 Nf6 15. O-O-O Bd7 16. Bd3 Nxc4 17. Bxc4 Rh8 18. Rdh1 Qb6 19. Qg5 {
1-0 Timoshenko,G-Malakhov,V/ECC, Halkidiki GRE 2002 (33)}) 7. Ng5 Nh6 8. h4 f6
9. Nge4 Nf7 10. h5 $146 (10. Nxc5 Nxe5 11. f4 Nf7 12. h5 f5 13. hxg6 hxg6 14.
Qf3 Nh6 15. Bd2 Qb6 16. Nd3 d6 17. O-O-O Nd7 {
0-1 Milicevic,G-Degraeve,J/GPA Open, Ontario CAN 2002 (30)}) 10... f5 11. hxg6
hxg6 12. Ng5 Bxe5 13. Qf3 Nxg5 (13... Qb6 $5) 14. Bxg5 Qb6 15. d6 Qxd6 16. Nd5
$1 Bxb2 17. Nxe7+ Kg7 18. Bc4 Qe5+ 19. Kf1 $18 d5 20. Rh7+ $1 Kxh7 21. Qh3+ Kg7
22. Qh6+ 1-0

[Event "SUI-chT"]
[Site "Switzerland"]
[Date "2002.??.05"]
[Round "8.2"]
[White "Sokolov, Andrei"]
[Black "Moor, Roger"]
[Result "1-0"]
[WhiteElo "2580"]
[BlackElo "2361"]
[PlyCount "49"]
[EventDate "2002.??.??"]
[SourceDate "2002.03.03"]
[WhiteTeam "Reichenstein"]
[BlackTeam "Wollishofen"]

1. e4 c5 2. Nf3 e6 3. Nc3 a6 4. d4 cxd4 5. Nxd4 Nc6 6. Be3 Nge7 7. Nb3 d6 8. f4
b5 9. Qf3 Na5 10. Nxa5 Qxa5 11. Bd3 Nc6 12. O-O Be7 13. Qg3 g6 14. Ne2 Nb4 15.
Nd4 Bb7 16. a3 Nxd3 17. cxd3 Qd8 18. Rac1 Bf6 19. f5 Be5 20. Qh3 gxf5 21. Nxe6
fxe6 22. Qh5+ Ke7 23. exf5 Rg8 24. Qxh7+ Rg7 25. Bg5+ 1-0

[Event "SUI-chT"]
[Site "Switzerland"]
[Date "2002.10.06"]
[Round "9.1"]
[White "Novkovic, Milan"]
[Black "Gavrikov, Viktor"]
[Result "1-0"]
[WhiteElo "2405"]
[BlackElo "2578"]
[PlyCount "167"]
[EventDate "2002.??.??"]
[SourceDate "2002.03.03"]
[WhiteTeam "St. Gallen"]
[BlackTeam "Sorab Basel"]

1. Nf3 d6 2. d4 g6 3. c4 f5 4. Nc3 Nf6 5. e3 Bg7 6. Bd3 O-O 7. e4 fxe4 8. Nxe4
c6 9. h3 Na6 10. Nxf6+ exf6 11. O-O d5 12. cxd5 Qxd5 13. Qe2 Qd6 14. Bxa6 bxa6
15. Be3 Bb7 16. Qc4+ Kh8 17. Rfe1 Rad8 18. Rac1 Qb8 19. Bd2 c5 20. Ba5 Bd5 21.
Qc2 Rc8 22. dxc5 Bxa2 23. Nd4 Bd5 24. Ne6 Rf7 25. Qd2 Rd7 26. Nxg7 Kxg7 27. Bc3
Rc6 28. Re3 Qd8 29. Rd3 Be6 30. Rxd7+ Qxd7 31. Qf4 Bb3 32. Bd4 h6 33. h4 Qf5
34. Qxf5 gxf5 35. Be3 h5 36. Kh2 Kf7 37. Kg3 Be6 38. b4 Bd5 39. f3 Rc8 40. Bf4
Bc6 41. Rd1 Bb5 42. Rc1 Rg8+ 43. Kf2 Rc8 44. Bd6 Bc6 45. Rc2 Bb5 46. Kg3 Ba4
47. Re2 Re8 48. Ra2 Bb5 49. c6 Rg8+ 50. Kf2 Ke6 51. Bf4 Bxc6 52. Rxa6 Kd5 53.
Rxa7 Ra8 54. Rxa8 Bxa8 55. Ke3 Bc6 56. Bc7 Bb5 57. Kf4 Ke6 58. g4 fxg4 59. fxg4
hxg4 60. Kxg4 Be2+ 61. Kf4 Kf7 62. Ke3 Bh5 63. b5 Ke6 64. Kf4 Bg6 65. Bd8 Kd6
66. b6 Kc6 67. Kg4 Kb7 68. h5 Bf7 69. h6 Bg6 70. Kf4 Kc6 71. Ke3 Bh7 72. Kd4
Bg6 73. Kc3 f5 74. Kb4 f4 75. Ka5 f3 76. Bh4 Kb7 77. Bf2 Bd3 78. Kb4 Kc6 79.
Kc3 Bg6 80. Kd2 Bh7 81. Be3 Be4 82. Ke1 Kd7 83. Kf2 Kc6 84. Kg3 1-0

[Event "SUI-chT"]
[Site "Switzerland"]
[Date "2002.10.06"]
[Round "9.5"]
[White "Thaler, Anton"]
[Black "Costa, Jean Luc"]
[Result "0-1"]
[WhiteElo "2165"]
[BlackElo "2386"]
[Annotator "Herbrechtsmeier"]
[PlyCount "86"]
[EventDate "2002.??.??"]
[SourceDate "2002.03.03"]
[WhiteTeam "St. Gallen"]
[BlackTeam "Sorab Basel"]

1. d4 Nf6 2. c4 d6 3. Nf3 g6 4. g3 Bg7 5. Nc3 Bg4 6. Bg2 Qc8 7. h3 Bxf3 8. Bxf3
O-O 9. Bg2 a6 10. O-O Nfd7 11. Be3 c5 12. Rc1 cxd4 13. Bxd4 Bh6 14. Nd5 Nc6 15.
e3 Qd8 16. Bc3 a5 17. b3 e6 18. Nf4 Nc5 19. Qe2 Bg7 20. Bxg7 Kxg7 21. Rfd1 Ne5
22. Qb2 Qf6 23. Rc2 Ra6 24. Rcd2 Rd8 25. g4 h5 26. g5 Qxg5 27. Nxe6+ Nxe6 28.
f4 Qf6 29. fxe5 dxe5 30. Bxb7 Rb6 31. Bg2 Rxd2 32. Qxd2 Qg5 33. Kh2 h4 34. Qf2
e4 35. Rd5 Qe7 36. Rxa5 Nc5 37. Ra8 Rf6 38. Qe2 $4 (38. Qxh4 $18) 38... Nd3 39.
Qg4 Rf2 40. Qc8 Qe5+ 41. Kh1 Qa1+ 42. Kh2 Rxg2+ 43. Kxg2 Qb2+ {nebst # in 6}
0-1